My favourites in suspense (Record no. 265280)
[ view plain ]
| 000 -LEADER | |
|---|---|
| fixed length control field | 00215 a2200097 4500 |
| 001 - CONTROL NUMBER | |
| control field | 30207 |
| 090 ## - LOCALLY ASSIGNED LC-TYPE CALL NUMBER (OCLC); LOCAL CALL NUMBER (RLIN) | |
| -- | 20150 |
| -- | 20150 |
| 100 ## - MAIN ENTRY--PERSONAL NAME | |
| Personal name | Stone, Irring |
| 245 ## - TITLE STATEMENT | |
| Title | My favourites in suspense |
| 260 ## - PUBLICATION, DISTRIBUTION, ETC. | |
| Place of publication, distribution, etc. | London |
| Name of publisher, distributor, etc. | Pan Book |
| Date of publication, distribution, etc. | |
| 942 ## - ADDED ENTRY ELEMENTS (KOHA) | |
| Institution code [OBSOLETE] | NUST-CAE |
| Koha item type | |
| -- | |
| Withdrawn status | Lost status | Damaged status | Not for loan | Collection code | Permanent Location | Current Location | Date acquired | Total Checkouts | Barcode | Date last seen | Price effective from | Koha item type |
|---|---|---|---|---|---|---|---|---|---|---|---|---|
| College of Aeronautical Engineering (CAE) | College of Aeronautical Engineering (CAE) | 04/03/2017 | CAE45586 | 04/05/2017 | 04/05/2017 | Book |
